000 00435nam a22001457a 4500
027 _qHard Cover.
040 _cSINES-NUST.
082 _a570.2
_bKha
100 _aAqsa Khalid
_981480
245 _a3D Structure Prediction and Structural Stability Profiling of Cub-Mutated IRHOM 2 /
_cKhalid, Aqsa
260 _aIslamabad:
_bSINES-NUST,
_c2021.
300 _a87 p. :
_bill. ;
_c30cm.
650 _xMS-Bioinformatics.
942 _2ddc
_cTHE
999 _c590776
_d590776